000 00872nam a22002057a 4500
999 _c16824
_d16824
003 AR-CdUCM
008 190506b ||||| |||| 00| 0 spa d
040 _aMUNICIPALIDAD PROVINCIAL DEL CUSCO
_cBIBLIOTECA MUNICIPAL DEL CUSCO
082 _a869.152 /
_bN456
100 _aNervo, Amado
_935562
245 _aPoesías completas /
260 _aMéxico :
_bLatinoamericana,
300 _a978 páginas ;
_c18 cm.
505 _aContenido: Perlas negras -- Místicas -- Poemas -- Las voces -- Lira heroica -- Otros poemas -- El éxodo y las flores del camino -- Los jardines interiores -- En voz baja -- Serenidad -- La amada inmovil -- Elevación -- El estanque de lso lotos -- El arquero divino -- Poesías varias.
650 _aPoesías mexicanas
_91891
650 _aSiglo XX
_98
650 _aLatinoamericana
_95799
942 _2ddc
_cLIBROS
945 _adavv
_d06/05/2019